Microsoft Education & Certification Implementing a Database on Microsoft SQL Server 7.0 Student Workbook (Record no. 529173)
[ view plain ]
| 000 -LEADER | |
|---|---|
| fixed length control field | 00358nam a22001217a 4500 |
| 003 - CONTROL NUMBER IDENTIFIER | |
| control field | NUST |
| 038 ## - RECORD CONTENT LICENSOR | |
| Staff Name | Nusrat Nadeem |
| 082 ## - DEWEY DECIMAL CLASSIFICATION NUMBER | |
| Classification number | 650/.0285 |
| 100 ## - MAIN ENTRY--PERSONAL NAME | |
| Personal name | Degum Systems |
| 9 (RLIN) | 21035 |
| 245 ## - TITLE STATEMENT | |
| Title | Microsoft Education & Certification Implementing a Database on Microsoft SQL Server 7.0 Student Workbook |
| Statement of responsibility, etc. | Degum Systems |
| 260 ## - PUBLICATION, DISTRIBUTION, ETC. | |
| Name of publisher, distributor, etc. | Degum Systems |
| 942 ## - ADDED ENTRY ELEMENTS (KOHA) | |
| Source of classification or shelving scheme | |
| Koha item type | Book |
| Withdrawn status | Lost status | Source of classification or shelving scheme | Damaged status | Not for loan | Permanent Location | Current Location | Date acquired | Total Checkouts | Full call number | Barcode | Date last seen | Price effective from | Koha item type |
|---|---|---|---|---|---|---|---|---|---|---|---|---|---|
| Write Off | School of Interdisciplinary Engineering and Sciences (SINES) | School of Interdisciplinary Engineering and Sciences (SINES) | 09/20/2019 | 650/.0285 | RCMS002741-D | 09/20/2019 | 09/20/2019 | Book |
